Statystyki dla Złote karty Polaków w EA FC 24

Kliknij tutaj aby rozwiązać quiz!

Ogólne statystyki

  • Ten quiz został rozwiązany 299 razy
  • Średni wynik to 12 z 16

Statystyki odpowiedzi

OverallZawodnik% Poprawnych
90Robert Lewandowski
99%
83Piotr Zieliński
98%
86Wojciech Szczęsny
97%
81Arkadiusz Milik
93%
79Matty Cash
81%
79Przemysław Frankowski
74%
75Damian Szymański
73%
76Nicola Zalewski
73%
77Sebastian Szymański
73%
79Łukasz Fabiański
72%
77Łukasz Skorupski
67%
75Grzegorz Krychowiak
66%
75Kamil Grabara
62%
77Bartłomiej Drągowski
61%
75Jakub Kamiński
60%
77Rafał Gikiewicz
26%

Rozkład punktacji

Percentyl według liczby udzielonych odpowiedzi

Procent ludzi z każdym wynikiem

Twoja historia wyników

Nie rozwiązałeś tego quizu